ბათუმის შოთა რუსთაველის სახელმწიფო უნივერსიტეტის ბიბლიოთეკა

Математическая логика. Mathematical logic. (ბიბ.ჩანაწერი № 39041)

000 -LEADER
fixed length control field 00613nam a2200205Ia 4500
001 - CONTROL NUMBER
control field 5561
003 - CONTROL NUMBER IDENTIFIER
control field GE_BSU
008 - FIXED-LENGTH DATA ELEMENTS--GENERAL INFORMATION
fixed length control field 181216s||||||||xx |||||||||||||| ||und||
040 ## - CATALOGING SOURCE
Transcribing agency GE_BSU
080 ## - UNIVERSAL DECIMAL CLASSIFICATION NUMBER
Universal Decimal Classification number 510.6
100 ## - MAIN ENTRY--PERSONAL NAME
Personal name Клини С.К.
245 ## - TITLE STATEMENT
Title Математическая логика. Mathematical logic.
245 ## - TITLE STATEMENT
Statement of responsibility, etc. Под. ред. Г.Е. Минца. Пер с английского Ю.А. Гастева.
260 ## - PUBLICATION, DISTRIBUTION, ETC.
Place of publication, distribution, etc. Москва
260 ## - PUBLICATION, DISTRIBUTION, ETC.
Name of publisher, distributor, etc. Мир
260 ## - PUBLICATION, DISTRIBUTION, ETC.
Date of publication, distribution, etc. 1973
300 ## - PHYSICAL DESCRIPTION
Extent 478 с. 22 см.
653 ## - INDEX TERM--UNCONTROLLED
Uncontrolled term Математическая логика. Mathematical logic.
942 ## - ADDED ENTRY ELEMENTS (KOHA)
Koha item type წიგნი
ეგზემპლარები
Withdrawn status Lost status Damaged status Not for loan Date acquired Barcode Date last seen Price effective from Koha item type Public note
        2018-12-17 16435 2018-12-17 2018-12-17 წიგნი დარბაზი